000 00689cam a2200217 a 4500
001 3446681
005 20231127043403.0
008 920313s1992 ii b b 001 0 eng
020 _a8185565023 :
040 _aDLC
_cDLC
_dDLC
082 0 0 _a305.42/0954
_220
_bSHA.
100 1 _aSharan, B. R.
245 1 0 _aStatus of Indian women :
_ba historical perspective /
_cB.R. Sharan ; foreword, D.K. Bhatt.
260 _aNew Delhi :
_bUppal Pub. House,
_c1992.
300 _axiii, 189 p. :
500 _a"Under the auspices of Joint Women's Programme and I.S.P.C.K."
500 _aCopyright: William Carey Study and Research Centre.
500 _aIncludes index.
650 0 _aWomen
942 _cL
999 _c84
_d84